000 01234cam a2200301 a 4500
001 2438171
003 GBCCL
005 20241126110425.0
008 880825r1981 enkb b 000 0 eng
010 _a 88028661
020 _a0877842906
040 _aDLC
_cDLC
_dDLC
050 0 0 _aBS1565.3
_b.K44 1981
082 0 0 _a220.77
_a224.6077
_219
_bBST
100 1 _aKidner, Derek.
_94631
240 1 0 _aLove to the loveless
245 1 4 _aThe message of Hosea :
_blove to the loveless /
_cDerek Kidner.
260 _aLeicester, England ;
_aDowners Grove, Ill., U.S.A. :
_bInter-Varsity Press,
_cc1981.
300 _a142 p. :
_bmaps ;
_c21 cm.
440 4 _aThe Bible speaks today
_92924
500 _aReprint. Originally published: Love to the loveless. Downers Grove, Ill. : InterVarsity Press, c1981.
504 _aIncludes bibliographical references (p. 9-10).
630 0 0 _aBible.
_pHosea
_xCommentaries.
_9802
856 4 2 _3Contributor biographical information
_uhttp://www.loc.gov/catdir/enhancements/fy1007/88028661-b.html
906 _a7
_bcbc
_corignew
_d1
_eocip
_f19
_gy-gencatlg
942 _2ddc
_cREF
_05
999 _c2264
_d2264